000 00653nam a2200205Ia 4500
003 IN-BaIIA
008 211028s9999 xx 000 0 eng d
020 _a0-8243-0941-3
040 _cIIA Library
080 _a047.1:52
_bARA-41
245 0 _aAnnual review of astronomy and astrophysics
_bvol. 41
_cedited by G. Burbidge, R. Blandford and A. Sandage
260 _aCalifornia
_bAnnual Reviews
_c2003
300 _axii, 689p.
650 _aCosmology
650 _aGalaxy
_93368
650 _aStellar Evolution
700 _aBlandford, R., ed.
_928703
700 _aSandage, A., ed.
_917045
942 _cBK
999 _c15560
_d15560